Statistics for Largest Rodents

Click here to take the quiz!

General Stats

  • This quiz has been taken 38 times
  • The average score is 6 of 12

Answer Stats

RankMaximum SizeRodent% Correct
191.2 kgCapybara
97%
345.4 kgLesser {Capybara}
87%
440 kgEurasian {Beaver}
77%
250 kgNorth American {Beaver}
77%
530 kgCape {Porcupine}
43%
627 kgCrested {Porcupine}
43%
818 kgIndian Crested {Porcupine}
43%
718 kgNorth American {Porcupine}
43%
1016 kgPatagonian {Mara}
43%
917 kgCoypu
37%
126–14 kgLowland {Paca}
27%
1115 kgPacarana
3%

Score Distribution

Percentile by Number Answered

Percent of People with Each Score

Your Score History

You have not taken this quiz